[Event "FICS rated blitz game"]
[Site "FICS freechess.org"]
[Date "2018.01.26"]
[Round "?"]
[White "RADACK"]
[Black "HSKHKU"]
[Result "1-0"]
[WhiteElo "1590"]
[BlackElo "1517"]
[PlyCount "97"]
[EventDate "2018.??.??"]
[EventType "blitz"]

1. e4 e5 2. Nf3 Nc6 3. c3 a6 4. d4 exd4 5. cxd4 d6 6. h4 h6 7. Nc3 Nce7 8. Be3
c6 9. Be2 Bg4 10. Qd2 h5 11. O-O f6 12. Rad1 g6 13. Nh2 Bxe2 14. Nxe2 Bg7 15.
f4 Nh6 16. e5 dxe5 17. fxe5 fxe5 18. Bg5 e4 19. Ng3 Qd5 20. Nxe4 Qxe4 21. Rfe1
Qd5 22. Rxe7+ Kf8 23. Qf4+ Nf5 24. Rxb7 Kg8 25. Nf3 Qd6 26. Qd2 Bh6 27. Bxh6
Rxh6 28. Ng5 Re8 29. Qa5 Nxd4 30. Qd2 c5 31. b4 Qc6 32. Rf7 Nf5 33. Qc3 Nd4 34.
Rxd4 Re1+ 35. Rf1 Rxf1+ 36. Kxf1 Qc7 37. Qxc5 Qxc5 38. bxc5 Rh8 39. c6 Kg7 40.
c7 Kf6 41. Rd8 Rxd8 42. cxd8=Q+ Kf5 43. Qd6 Kg4 44. Qxa6 Kxh4 45. Qxg6 Kg4 46.
Ne6+ Kh4 47. Qe4+ Kg3 48. Qf3+ Kh2 49. Qh3# {Black checkmated} 1-0

[Event "FICS rated standard game"]
[Site "FICS freechess.org"]
[Date "2018.01.26"]
[Round "?"]
[White "FyFazan"]
[Black "herbsol"]
[Result "0-1"]
[WhiteElo "1606"]
[BlackElo "1611"]
[PlyCount "32"]
[EventDate "2018.??.??"]

1. e4 e5 2. Nf3 Nc6 3. c3 Bc5 4. Bc4 Nf6 5. O-O O-O 6. Re1 d5 7. exd5 Nxd5 8.
d4 exd4 9. cxd4 Bb4 10. Bd2 Bg4 11. Bxb4 Ncxb4 12. Qb3 Bxf3 13. Qxf3 Nc2 14.
Bxd5 Nxe1 15. Nc3 Nxf3+ 16. Bxf3 Qxd4 {White resigns} 0-1

[Event "FICS rated standard game"]
[Site "FICS freechess.org"]
[Date "2018.01.26"]
[Round "?"]
[White "Nidifugous"]
[Black "snazzzzzz"]
[Result "1-0"]
[WhiteElo "1528"]
[BlackElo "1580"]
[PlyCount "71"]
[EventDate "2018.??.??"]

1. e4 e5 2. Nf3 Nc6 3. c3 Nf6 4. Bd3 Bc5 5. Qb3 Ng4 6. Rf1 Bxf2+ 7. Rxf2 Nxf2
8. Kxf2 d6 9. h4 Qf6 10. Be2 b6 11. d3 Bg4 12. Bg5 Qg6 13. Nbd2 h6 14. Qd5 Kd7
15. Be3 Ne7 16. Qb5+ c6 17. Qa6 Rhb8 18. g3 Qe6 19. c4 f5 20. Qa4 f4 21. gxf4
exf4 22. Bxf4 Ng6 23. Bg3 Qf6 24. Qb4 Ne5 25. Bxe5 dxe5 26. Rg1 Qf4 27. Qc3 Ke6
28. b3 Rf8 29. d4 Qh2+ 30. Ke1 Bxf3 31. d5+ cxd5 32. cxd5+ Kd7 33. Qc6+ Ke7 34.
Qc7+ Kf6 35. Qc6+ Kf7 36. Qe6# {Black checkmated} 1-0

[Event "FICS rated blitz game"]
[Site "FICS freechess.org"]
[Date "2018.01.26"]
[Round "?"]
[White "LocomotiveHollow"]
[Black "lethalduck"]
[Result "0-1"]
[WhiteElo "1363"]
[BlackElo "1330"]
[PlyCount "88"]
[EventDate "2018.??.??"]
[EventType "blitz"]

1. e4 e5 2. Nf3 Nc6 3. c3 Bc5 4. d3 d6 5. b4 Bb6 6. a4 a5 7. b5 Nce7 8. Be2 f5
9. exf5 Bxf5 10. Na3 Be6 11. Nc4 Bxc4 12. dxc4 Nf6 13. O-O Qd7 14. Bg5 h6 15.
Bxf6 gxf6 16. Qd2 O-O-O 17. Rfd1 Rdg8 18. h3 Qxh3 19. Bf1 Nf5 20. Ne1 Qg4 21.
Qd5 Ng3 22. Nf3 Nxf1 23. Nh2 Qxg2+ 24. Qxg2 Rxg2+ 25. Kxg2 Nxh2 26. Kxh2 Bxf2
27. Rf1 Bh4 28. Rf5 Rg8 29. Rg1 Rxg1 30. Kxg1 Bg5 31. Kf2 Kd7 32. Rf3 Ke6 33.
Kg3 f5 34. Rf2 f4+ 35. Kg4 Kf6 36. Re2 Kg6 37. Re4 h5+ 38. Kf3 Kf5 39. c5 d5
40. Re1 e4+ 41. Ke2 f3+ 42. Kf1 Bd2 43. Rd1 e3 44. c6 b6 {White resigns} 0-1

[Event "FICS rated standard game"]
[Site "FICS freechess.org"]
[Date "2018.01.26"]
[Round "?"]
[White "Leopoldt"]
[Black "teachMeMore"]
[Result "1-0"]
[WhiteElo "1603"]
[BlackElo "1553"]
[PlyCount "127"]
[EventDate "2018.??.??"]

1. e4 e5 2. Nf3 Nc6 3. c3 a6 4. h3 Nf6 5. d3 h6 6. Be2 d5 7. exd5 Nxd5 8. O-O
Bd6 9. Re1 Be6 10. c4 Nde7 11. a3 Nf5 12. Nc3 Nfd4 13. Ne4 Be7 14. Nxd4 Nxd4
15. Be3 Nxe2+ 16. Qxe2 Qd7 17. g4 f5 18. gxf5 Bxf5 19. Kh2 Bxh3 20. Rg1 g5 21.
Qf3 Bf5 22. Rad1 O-O-O 23. b4 Rhf8 24. Qg3 Rg8 25. Qxe5 Rde8 26. c5 Bxe4 27.
dxe4 Qb5 28. Qf5+ Kb8 29. Rd5 Qe2 30. Rgd1 Qh5+ 31. Kg2 Rgf8 32. Qd7 Qf3+ 33.
Kf1 Qh1+ 34. Ke2 Qh5+ 35. Ke1 Bf6 36. c6 Bc3+ 37. Kf1 b6 38. Bxb6 Rxf2+ 39.
Kxf2 Rf8+ 40. Rf5 Qh2+ 41. Ke3 Qg3+ 42. Ke2 Qg4+ 43. Kf1 Qh3+ 44. Ke2 Qg2+ 45.
Kd3 Qg3+ 46. Kc4 Rc8 47. Rd3 Qg2 48. Kxc3 Qxe4 49. Rfd5 Qe1+ 50. Rd2 Qa1+ 51.
Kb3 g4 52. Bd4 Qb1+ 53. Bb2 g3 54. Qg4 Qg1 55. Qe2 Qf2 56. Qxa6 Qe3+ 57. R5d3
Qa7 58. Qxa7+ Kxa7 59. Rxg3 Kb6 60. Rc2 Rd8 61. a4 Rd6 62. b5 h5 63. Rh2 Rd5
64. Ba3 {Black resigns} 1-0

[Event "FICS rated lightning game"]
[Site "FICS freechess.org"]
[Date "2018.01.26"]
[Round "?"]
[White "Sasha"]
[Black "svadali"]
[Result "1-0"]
[WhiteElo "1567"]
[BlackElo "1529"]
[PlyCount "67"]
[EventDate "2018.??.??"]

1. e4 e5 2. Nf3 Nc6 3. c3 Bc5 4. d4 exd4 5. cxd4 Bb4+ 6. Nc3 d5 7. e5 Nge7 8.
h3 O-O 9. Bd3 f5 10. exf6 Rxf6 11. O-O Rf8 12. Bg5 Qd6 13. Re1 h6 14. Bh4 Ng6
15. Bg3 Nf4 16. Bc2 Qf6 17. a3 Bd6 18. Ne2 Nxe2+ 19. Qxe2 Bxg3 20. fxg3 Bxh3
21. gxh3 Qxf3 22. Qxf3 Rxf3 23. Kg2 Raf8 24. Rf1 Rxf1 25. Rxf1 Rxf1 26. Kxf1
Nxd4 27. Bd3 c5 28. Kf2 c4 29. Bg6 Kf8 30. Ke3 Ne6 31. Bf5 Ke7 32. g4 Kd6 33.
Kd2 Nd4 34. Bg6 1-0

[Event "FICS rated blitz game"]
[Site "FICS freechess.org"]
[Date "2018.01.26"]
[Round "?"]
[White "climbit"]
[Black "Maiggus"]
[Result "0-1"]
[WhiteElo "1666"]
[BlackElo "1774"]
[PlyCount "90"]
[EventDate "2018.??.??"]
[EventType "blitz"]

1. e4 e5 2. Nf3 Nc6 3. c3 Bc5 4. d4 exd4 5. cxd4 Bb4+ 6. Bd2 Bxd2+ 7. Qxd2 d6
8. Bb5 Bd7 9. O-O a6 10. Ba4 b5 11. Bc2 Nf6 12. Nc3 O-O 13. a3 Na5 14. b3 c5
15. e5 dxe5 16. dxe5 Ne8 17. Nd5 Nc6 18. Ng5 h6 19. Qd3 g6 20. Nf3 Bf5 21. Qd2
Bxc2 22. Qxc2 Qxd5 23. Rad1 Qe6 24. Qxc5 Ng7 25. Rfe1 Rac8 26. Qc1 g5 27. Qe3
Nf5 28. Qb6 Qxb3 29. Qxa6 Nce7 30. e6 fxe6 31. Rb1 Qa2 32. Ne5 Rc2 33. Ng4 h5
34. Ra1 Qc4 35. Ne5 Qd5 36. Nf3 g4 37. Ng5 Rc6 38. Qa5 Rf6 39. Rad1 Kg7 40.
Rxd5 Nxd5 41. Qxb5 Rb6 42. Qd3 Rd6 43. Nxe6+ Rdxe6 44. Rxe6 Rxe6 45. Qxd5 Re1#
{White checkmated} 0-1

[Event "FICS rated blitz game"]
[Site "FICS freechess.org"]
[Date "2018.01.26"]
[Round "?"]
[White "JUANITONIX"]
[Black "akx"]
[Result "1/2-1/2"]
[WhiteElo "1825"]
[BlackElo "1741"]
[PlyCount "107"]
[EventDate "2018.??.??"]
[EventType "blitz"]

1. e4 e5 2. Nf3 Nc6 3. c3 Nf6 4. d3 Be7 5. Be2 d6 6. O-O Bg4 7. Nbd2 Qd7 8. Re1
h6 9. Nf1 O-O-O 10. Ne3 Bh5 11. Nf5 g5 12. Nxe7+ Qxe7 13. Nxe5 Nxe5 14. Bxh5 g4
15. d4 Nf3+ 16. gxf3 Nxh5 17. fxg4 Rdg8 18. h3 Qh4 19. Qf3 Rg5 20. Bxg5 Qxg5
21. Qf5+ Qxf5 22. exf5 Nf4 23. Kh2 Nd3 24. Re2 b6 25. Rd1 Nf4 26. Re4 Nd5 27.
Rde1 Kb7 28. Re8 Rh7 29. Kg3 Rg7 30. f4 Nf6 31. Rh8 d5 32. Rxh6 Ne4+ 33. Kf3
Nd2+ 34. Kf2 Rg8 35. Re7 Nc4 36. b3 Nb2 37. Rxf7 a5 38. Rhh7 a4 39. Rxc7+ Ka8
40. Ra7+ Kb8 41. bxa4 b5 42. Rab7+ Ka8 43. axb5 Nd3+ 44. Ke3 Re8+ 45. Kxd3 Re3+
46. Kc2 Rxc3+ 47. Kd2 Rd3+ 48. Ke2 Re3+ 49. Kf2 Rf3+ 50. Kg2 Rg3+ 51. Kh2 Rg2+
52. Kh1 Rg1+ 53. Kh2 Rg2+ 54. Kxg2 1/2-1/2

[Event "FICS rated blitz game"]
[Site "FICS freechess.org"]
[Date "2018.01.26"]
[Round "?"]
[White "SargonV"]
[Black "Fabikko"]
[Result "1-0"]
[WhiteElo "1495"]
[BlackElo "1305"]
[PlyCount "59"]
[EventDate "2018.??.??"]
[EventType "blitz"]

1. e4 e5 2. Nf3 Nc6 3. c3 Nf6 4. d4 exd4 5. e5 Nd5 6. Qb3 Nb6 7. cxd4 Bb4+ 8.
Nc3 Bxc3+ 9. bxc3 O-O 10. Ba3 Re8 11. Bd3 d6 12. Qc2 g6 13. O-O dxe5 14. dxe5
Nxe5 15. Nxe5 Rxe5 16. f4 Re8 17. Rad1 Qf6 18. Bb2 Be6 19. c4 Qe7 20. Qc3 f6
21. f5 Bxf5 22. Bxf5 gxf5 23. Qg3+ Kf7 24. Rxf5 Qe3+ 25. Qxe3 Rxe3 26. Rxf6+
Kg8 27. c5 Nc4 28. Bc1 Re2 29. Rdf1 Rae8 30. Bh6 {Black resigns} 1-0

[Event "FICS rated blitz game"]
[Site "FICS freechess.org"]
[Date "2018.01.26"]
[Round "?"]
[White "igor"]
[Black "VPolevikov"]
[Result "1-0"]
[WhiteElo "1664"]
[BlackElo "1686"]
[PlyCount "83"]
[EventDate "2018.??.??"]
[EventType "blitz"]

1. e4 e5 2. Nf3 Nc6 3. c3 h6 4. d3 g6 5. Be2 Bg7 6. O-O Nge7 7. b4 d6 8. a4 a6
9. Bb2 O-O 10. Qc2 Kh7 11. Na3 f5 12. Rad1 f4 13. b5 axb5 14. axb5 Na5 15. d4
exd4 16. cxd4 b6 17. Bc3 Bb7 18. Nc4 Nxc4 19. Bxc4 d5 20. Bd3 dxe4 21. Bxe4
Bxe4 22. Qxe4 Nd5 23. Ba1 Re8 24. Ne5 Qf6 25. Qxd5 Rad8 26. Qf3 g5 27. Qe4+ Kh8
28. Qf3 Rd6 29. Qh5 Red8 30. Nf7+ Kg8 31. Nxd6 Qxd6 32. Qf3 Qd7 33. Qb3+ Kh8
34. Rfe1 Qf5 35. Qa4 g4 36. d5 g3 37. Bxg7+ Kxg7 38. Qd4+ Kg6 39. hxg3 fxg3 40.
fxg3 Rf8 41. Re6+ Kh7 42. Qd3 {Black resigns} 1-0

[Event "FICS rated blitz game"]
[Site "FICS freechess.org"]
[Date "2018.01.26"]
[Round "?"]
[White "RADACK"]
[Black "Ketan"]
[Result "0-1"]
[WhiteElo "1578"]
[BlackElo "1562"]
[PlyCount "44"]
[EventDate "2018.??.??"]
[EventType "blitz"]

1. e4 e5 2. Nf3 Nc6 3. c3 d5 4. exd5 Qxd5 5. d4 Bg4 6. Be2 exd4 7. cxd4 O-O-O
8. Nc3 Bb4 9. O-O Bxc3 10. bxc3 Nf6 11. Bf4 Ne4 12. Qc2 Rhe8 13. h3 Bf5 14. Bd3
Nd6 15. Bxf5+ Nxf5 16. c4 Ncxd4 17. Nxd4 Nxd4 18. Qa4 Qe4 19. Be3 a6 20. Rab1
Ne2+ 21. Kh1 Nc3 22. Qa5 Nxb1 {White resigns} 0-1

[Event "FICS rated standard game"]
[Site "FICS freechess.org"]
[Date "2018.01.26"]
[Round "?"]
[White "gmarius"]
[Black "fyntik"]
[Result "1-0"]
[WhiteElo "1684"]
[BlackElo "1556"]
[PlyCount "91"]
[EventDate "2018.??.??"]

1. e4 e5 2. Nf3 Nc6 3. c3 Bc5 4. h3 h6 5. Be2 d6 6. O-O Nf6 7. d3 a6 8. Re1 Qe7
9. Bf1 g5 10. Nh2 Rg8 11. Be3 Bxe3 12. Rxe3 g4 13. hxg4 Nxg4 14. Rg3 h5 15. Be2
Qf8 16. Bxg4 Bxg4 17. Nxg4 hxg4 18. Rxg4 O-O-O 19. Nd2 f5 20. Rxg8 Qxg8 21.
exf5 Rd7 22. g3 Rf7 23. Qh5 Rh7 24. Qg6 Qh8 25. Kg2 Rh2+ 26. Kf3 Qh3 27. Rg1 b5
28. Ne4 Ne7 29. Qe8+ Kb7 30. Qxe7 Qh5+ 31. g4 Qh3+ 32. Rg3 Qf1 33. Nxd6+ Kb6
34. Qxe5 Qxf2+ 35. Ke4 Qe2+ 36. Kd4 Qf2+ 37. Qe3 Qxe3+ 38. Rxe3 cxd6 39. f6 Rh8
40. Kd5 Rh6 41. g5 Rg6 42. Rg3 Kc7 43. Ke6 Rg8 44. f7 Rg6+ 45. Ke7 Rg7 46. Ke8
{Black resigns} 1-0

[Event "FICS rated blitz game"]
[Site "FICS freechess.org"]
[Date "2018.01.26"]
[Round "?"]
[White "vitellozzo"]
[Black "Viroo"]
[Result "1-0"]
[WhiteElo "1410"]
[BlackElo "1225"]
[PlyCount "53"]
[EventDate "2018.??.??"]
[EventType "blitz"]

1. e4 e5 2. Nf3 Nc6 3. c3 a6 4. Bc4 Bc5 5. Bb3 Nge7 6. O-O d6 7. Bc2 O-O 8. a4
f5 9. exf5 Nxf5 10. b4 Ba7 11. Bb2 Nh4 12. Nxh4 Qxh4 13. d4 exd4 14. cxd4 Nxd4
15. Bxd4 Bxd4 16. Ra2 Bxf2+ 17. Kh1 Bg3 18. h3 Bd7 19. Qd3 Rxf1+ 20. Qxf1 Rf8
21. Qd3 g6 22. Nd2 Be1 23. Nf3 Qf2 24. Nxe1 Qxe1+ 25. Kh2 Qe6 26. Bb3 d5 27.
Bxd5 1-0

[Event "FICS rated standard game"]
[Site "FICS freechess.org"]
[Date "2018.01.26"]
[Round "?"]
[White "proximab"]
[Black "Geforce"]
[Result "0-1"]
[WhiteElo "2155"]
[BlackElo "2393"]
[PlyCount "36"]
[EventDate "2018.??.??"]

1. e4 e5 2. Nf3 Nc6 3. c3 Nf6 4. d4 d6 5. d5 Ne7 6. Bg5 Neg8 7. Bb5+ Bd7 8. Qb3
b6 9. O-O h6 10. Bxf6 Nxf6 11. Nbd2 a6 12. Bd3 Ng4 13. h3 h5 14. hxg4 hxg4 15.
Rad1 g6 16. Ne1 Qh4 17. f3 g3 18. Bxa6 Qh2# {White checkmated} 0-1

[Event "FICS rated blitz game"]
[Site "FICS freechess.org"]
[Date "2018.01.26"]
[Round "?"]
[White "morts"]
[Black "Danimateit"]
[Result "0-1"]
[WhiteElo "1171"]
[BlackElo "1217"]
[PlyCount "86"]
[EventDate "2018.??.??"]
[EventType "blitz"]

1. e4 e5 2. Nf3 Nc6 3. c3 a6 4. d3 h6 5. g3 d6 6. Bg2 Nf6 7. O-O Be7 8. Qb3 O-O
9. c4 Rb8 10. Nbd2 Kh8 11. Qc2 Ng4 12. a3 f5 13. b4 fxe4 14. dxe4 Qe8 15. h3
Nf6 16. Nh4 Nh5 17. Nf5 Bxf5 18. exf5 Nf6 19. Nf3 Nh7 20. Be3 Qh5 21. g4 Qe8
22. c5 Bf6 23. Rae1 Qd8 24. Rd1 Na7 25. cxd6 cxd6 26. Bxa7 Rc8 27. Be3 Rxc2 28.
g5 Nxg5 29. Nxg5 Bxg5 30. Bxg5 Qxg5 31. Rxd6 Qxf5 32. Rd5 Rxf2 33. Rxf2 Qxf2+
34. Kh2 Qf4+ 35. Kg1 Qc1+ 36. Kh2 Qxa3 37. Rxe5 Qxb4 38. Re4 Qd6+ 39. Kh1 b5
40. Re1 Qd2 41. Ra1 Rf2 42. Rg1 b4 43. Bb7 Rh2# {White checkmated} 0-1

[Event "FICS rated blitz game"]
[Site "FICS freechess.org"]
[Date "2018.01.26"]
[Round "?"]
[White "BiH"]
[Black "valli"]
[Result "0-1"]
[WhiteElo "1594"]
[BlackElo "1596"]
[PlyCount "76"]
[EventDate "2018.??.??"]
[EventType "blitz"]

1. e4 e5 2. Nf3 Nc6 3. c3 Bc5 4. d4 exd4 5. cxd4 Bb4+ 6. Nc3 d5 7. e5 Nge7 8.
a3 Ba5 9. Bg5 O-O 10. Be2 h6 11. Bh4 Be6 12. O-O Qd7 13. Rc1 Bb6 14. Bb5 a6 15.
Ba4 Bg4 16. Bxc6 Nxc6 17. Ne2 Qe6 18. Nf4 Qf5 19. Nxd5 Bxf3 20. gxf3 Qh3 21.
Bg3 Bxd4 22. Nxc7 Rac8 23. Rxc6 bxc6 24. Qxd4 Rxc7 25. e6 Rb7 26. Bd6 Re8 27.
exf7+ Rxf7 28. Bg3 Rxf3 29. Qc4+ Qe6 30. Qxa6 h5 31. Kg2 Ref8 32. h4 Qd5 33.
Kh2 Rb3 34. Qe2 Rf5 35. Rd1 Qf3 36. Qe8+ Kh7 37. Kg1 Qxd1+ 38. Kh2 Qd5 0-1

[Event "FICS rated lightning game"]
[Site "FICS freechess.org"]
[Date "2018.01.26"]
[Round "?"]
[White "NamanT"]
[Black "javierrivas"]
[Result "0-1"]
[WhiteElo "1818"]
[BlackElo "1884"]
[PlyCount "68"]
[EventDate "2018.??.??"]

1. e4 e5 2. Nf3 Nc6 3. c3 Bc5 4. d3 d6 5. h3 Nge7 6. Be2 f5 7. a4 a5 8. O-O f4
9. Nbd2 O-O 10. b3 Ng6 11. d4 Bb6 12. d5 Nce7 13. Nc4 Ba7 14. Bb2 h6 15. Nxa5
Bxf2+ 16. Rxf2 Rxa5 17. Qd2 Ra8 18. b4 Nh8 19. c4 Neg6 20. c5 Nh4 21. Nxh4 Qxh4
22. Qe1 Qg5 23. Kh2 Ng6 24. Rf3 Nh4 25. Qf2 Nxf3+ 26. Bxf3 Rf6 27. cxd6 cxd6
28. b5 Rg6 29. Ba3 Rxa4 30. Ra2 Bd7 31. Bd1 Rxe4 32. Bc2 Qg3+ 33. Qxg3 fxg3+
34. Kh1 Re1# {White checkmated} 0-1

[Event "FICS rated blitz game"]
[Site "FICS freechess.org"]
[Date "2018.01.26"]
[Round "?"]
[White "NicolausSilver"]
[Black "Oaklands"]
[Result "0-1"]
[WhiteElo "1312"]
[BlackElo "1207"]
[PlyCount "68"]
[EventDate "2018.??.??"]
[EventType "blitz"]

1. e4 e5 2. Nf3 Nc6 3. c3 d6 4. b4 Nf6 5. Bc4 Nxe4 6. d3 Nf6 7. Bxf7+ Kxf7 8.
Ng5+ Kg8 9. Qb3+ d5 10. c4 Nd4 11. Qc3 c6 12. Be3 c5 13. bxc5 Bxc5 14. Nd2 h6
15. Ngf3 e4 16. Bxd4 Bxd4 17. Qxd4 exf3 18. O-O fxg2 19. Rfe1 Bh3 20. Rab1 b6
21. Re3 Bf5 22. Nf3 Qc7 23. Ne5 Rd8 24. Ng6 Bxg6 25. Rbe1 dxc4 26. Qc3 Kh7 27.
Re7 Qc6 28. R1e6 Qf3 29. Qxc4 Qd1+ 30. Kxg2 Qg4+ 31. Kf1 Bxd3+ 32. Ke1 Bxc4 33.
Rxg7+ Kxg7 34. Re3 Qg1# {White checkmated} 0-1

[Event "FICS rated blitz game"]
[Site "FICS freechess.org"]
[Date "2018.01.26"]
[Round "?"]
[White "Netrez"]
[Black "tewschach"]
[Result "1-0"]
[WhiteElo "1275"]
[BlackElo "1403"]
[PlyCount "63"]
[EventDate "2018.??.??"]
[EventType "blitz"]

1. e4 e5 2. c3 Nc6 3. Nf3 Bc5 4. d4 exd4 5. cxd4 Bb4+ 6. Nc3 d5 7. Bd2 dxe4 8.
Nxe4 Bxd2+ 9. Qxd2 Bf5 10. Qe3 Nge7 11. Nc5 b6 12. Nd3 O-O 13. Be2 Re8 14. O-O
Nd5 15. Qd2 Qd6 16. Nh4 Qd7 17. Rfe1 Nxd4 18. Ne5 Nxe2+ 19. Rxe2 Qc8 20. Qxd5
Be6 21. Qf3 Bg4 22. Qxf7+ Kh8 23. Nhg6+ hxg6 24. Nxg6+ Kh7 25. Rxe8 Qxe8 26.
Qxc7 Qxg6 27. Rc1 Bf3 28. Qg3 Rd8 29. Qxg6+ Kxg6 30. gxf3 Rf8 31. Kg2 Rf7 32.
Rc4 1-0

[Event "FICS rated blitz game"]
[Site "FICS freechess.org"]
[Date "2018.01.26"]
[Round "?"]
[White "Nicrossn"]
[Black "rodon"]
[Result "1-0"]
[WhiteElo "1502"]
[BlackElo "1679"]
[PlyCount "39"]
[EventDate "2018.??.??"]
[EventType "blitz"]

1. e4 e5 2. Nf3 Nc6 3. c3 d5 4. exd5 Qxd5 5. d4 exd4 6. Nxd4 Nxd4 7. cxd4 Bb4+
8. Nc3 Nf6 9. Be3 Bg4 10. Qa4+ c6 11. Qxb4 Qd7 12. Bd3 O-O-O 13. O-O Nd5 14.
Qa5 Kb8 15. Nxd5 Qxd5 16. Qa3 Rhe8 17. f3 Bh5 18. Be4 Qd7 19. d5 cxd5 20. Qxa7+
{Black resigns} 1-0

[Event "FICS rated lightning game"]
[Site "FICS freechess.org"]
[Date "2018.01.26"]
[Round "?"]
[White "intihuantana"]
[Black "rossoscuro"]
[Result "0-1"]
[WhiteElo "1971"]
[BlackElo "1905"]
[PlyCount "66"]
[EventDate "2018.??.??"]

1. e4 e5 2. Nf3 Nc6 3. c3 d5 4. Qa4 Bd6 5. exd5 Bd7 6. dxc6 Bxc6 7. Qd1 Ne7 8.
d3 O-O 9. Be2 f5 10. O-O Ng6 11. Bg5 Qe8 12. Na3 h6 13. Bd2 e4 14. Nd4 Nh4 15.
Nxc6 bxc6 16. Nc4 Qg6 17. g3 Nf3+ 18. Bxf3 exf3 19. Nxd6 cxd6 20. Qxf3 f4 21.
Bxf4 Rf7 22. Rfe1 Raf8 23. Qg2 Qxd3 24. Re3 Qc2 25. Re6 Qxb2 26. Rxh6 Qxa1+ 27.
Qf1 Qxf1+ 28. Kxf1 gxh6 29. Bxh6 Re8 30. Be3 Rfe7 31. h4 Rxe3 32. fxe3 Rxe3 33.
Kf2 Rxc3 0-1

[Event "FICS rated blitz game"]
[Site "FICS freechess.org"]
[Date "2018.01.26"]
[Round "?"]
[White "Uddo"]
[Black "bruhane"]
[Result "1-0"]
[WhiteElo "1470"]
[BlackElo "1536"]
[PlyCount "95"]
[EventDate "2018.??.??"]
[EventType "blitz"]

1. e4 e5 2. Nf3 Nc6 3. c3 Nf6 4. d4 Nxe4 5. dxe5 Be7 6. Bd3 d5 7. exd6 Nxd6 8.
O-O O-O 9. Qc2 Bf6 10. Rd1 h6 11. Be3 Bg4 12. Be2 Qe7 13. Nbd2 Nf5 14. Qe4 Qxe4
15. Nxe4 Be7 16. Bc5 Rfe8 17. Re1 b6 18. Bxe7 Rxe7 19. h3 Rxe4 20. hxg4 Rxg4
21. Nd4 Rxd4 22. cxd4 Nfxd4 23. Rad1 Re8 24. Bf3 Nxf3+ 25. gxf3 Rxe1+ 26. Rxe1
Kf8 27. a3 f6 28. Kg2 Kf7 29. Kg3 a5 30. Rd1 Ke7 31. f4 g6 32. Kg4 f5+ 33. Kh4
Ke6 34. Rg1 Kf6 35. Rd1 Ke6 36. Re1+ Kf6 37. Re8 Nd4 38. Rc8 Ne6 39. Kg3 a4 40.
Re8 b5 41. Rb8 c6 42. Rb6 Nd4 43. Rb8 g5 44. Rd8 Ne2+ 45. Kf3 Nxf4 46. Rd6+ Ke5
47. Rxc6 Ne6 48. Rb6 1-0

[Event "FICS rated blitz game"]
[Site "FICS freechess.org"]
[Date "2018.01.26"]
[Round "?"]
[White "sunrhades"]
[Black "detelina"]
[Result "1-0"]
[WhiteElo "1722"]
[BlackElo "1717"]
[PlyCount "77"]
[EventDate "2018.??.??"]
[EventType "blitz"]

1. e4 e5 2. Nf3 Nc6 3. c3 Bc5 4. Nxe5 Bxf2+ 5. Kxf2 Nxe5 6. d4 Ng6 7. g3 d5 8.
e5 N8e7 9. Bg2 c6 10. Rf1 O-O 11. Nd2 Be6 12. Nf3 Qd7 13. Ng5 h6 14. Nf3 Bh3
15. Be3 Qg4 16. Qd2 Nf5 17. Rae1 Bxg2 18. Kxg2 Nfh4+ 19. Nxh4 Nxh4+ 20. Kh1 Ng6
21. Rf2 f5 22. exf6 Rxf6 23. Rxf6 gxf6 24. Bxh6 Kf7 25. Qe2 Qd7 26. Qf3 Rh8 27.
Bd2 Qh3 28. Qf2 Ne7 29. Rf1 f5 30. Bg5 Rh5 31. Bxe7 Kxe7 32. Re1+ Kd7 33. Qe2
Kc7 34. a4 Kb6 35. b4 Qxg3 36. a5+ Kc7 37. Qe7+ Kc8 38. Qe8+ Kc7 39. Qf7+ 1-0

[Event "FICS rated blitz game"]
[Site "FICS freechess.org"]
[Date "2018.01.26"]
[Round "?"]
[White "RADACK"]
[Black "cyberfan"]
[Result "1-0"]
[WhiteElo "1549"]
[BlackElo "1453"]
[PlyCount "51"]
[EventDate "2018.??.??"]
[EventType "blitz"]

1. e4 e5 2. Nf3 Nc6 3. c3 Bc5 4. b4 Bb6 5. b5 Na5 6. d4 exd4 7. cxd4 Qe7 8. Bd3
d6 9. h3 h6 10. O-O g5 11. Re1 g4 12. hxg4 Bxg4 13. Bb2 f6 14. e5 dxe5 15. dxe5
O-O-O 16. Qc2 Bxf3 17. gxf3 fxe5 18. Bxe5 Qg5+ 19. Bg3 h5 20. Re5 Qg7 21. Kh2
Qf6 22. Rf5 Qxa1 23. Nd2 Qe1 24. Rf7 h4 25. Rxc7+ Kb8 26. Rc8# {Black
checkmated} 1-0

[Event "FICS rated blitz game"]
[Site "FICS freechess.org"]
[Date "2018.01.26"]
[Round "?"]
[White "RADACK"]
[Black "Carolin"]
[Result "0-1"]
[WhiteElo "1559"]
[BlackElo "1452"]
[PlyCount "86"]
[EventDate "2018.??.??"]
[EventType "blitz"]

1. e4 e5 2. Nf3 Nc6 3. c3 d6 4. d4 Bg4 5. d5 Bxf3 6. Qxf3 Nb8 7. Bd3 Nf6 8. O-O
Be7 9. Be3 Nbd7 10. b4 Nb6 11. c4 O-O 12. Nd2 Nbd7 13. Qg3 b6 14. f4 Nh5 15.
Qg4 Nxf4 16. Bxf4 exf4 17. Qxf4 Bg5 18. Qf2 Ne5 19. Bc2 Bxd2 20. Qxd2 Nxc4 21.
Qf4 Ne5 22. Qg3 Qe7 23. Rf2 Qd7 24. Raf1 Qg4 25. Qe3 Nc4 26. Qd3 Ne5 27. Qc3
Rac8 28. Rf4 Qd7 29. Rf5 Ng6 30. a3 f6 31. Rh5 Ne5 32. Rxe5 Rce8 33. Rxe8 Qxe8
34. Qh3 Rf7 35. e5 g6 36. exd6 cxd6 37. Qd3 Qd8 38. h3 b5 39. Re1 Qb6+ 40. Kh1
Qc7 41. Re6 Qd8 42. Qe4 Qd7 43. Re8+ Kg7 0-1

[Event "FICS rated blitz game"]
[Site "FICS freechess.org"]
[Date "2018.01.26"]
[Round "?"]
[White "Solidrockgee"]
[Black "ojot"]
[Result "1-0"]
[WhiteElo "1307"]
[BlackElo "1317"]
[PlyCount "103"]
[EventDate "2018.??.??"]
[EventType "blitz"]

1. e4 e5 2. Nf3 Nc6 3. c3 Nf6 4. Ng5 h6 5. Nxf7 Kxf7 6. Bc4+ Kg6 7. O-O d6 8.
f4 Bg4 9. Qb3 Kh7 10. d3 Na5 11. Qa4 Nxc4 12. Qxc4 Qe7 13. fxe5 Qxe5 14. Bf4
Qc5+ 15. Qxc5 dxc5 16. Bxc7 Be2 17. Rf2 Bxd3 18. e5 Nd5 19. Rd2 Nxc7 20. Rxd3
Ne6 21. Nd2 Rd8 22. Rxd8 Nxd8 23. Ne4 b6 24. Rd1 Be7 25. Rd7 Bg5 26. Rxa7 Ne6
27. Rb7 Rf8 28. g3 Be3+ 29. Kg2 Rf5 30. Rxb6 Rxe5 31. Kf3 Bg1 32. h4 Rf5+ 33.
Kg4 Re5 34. Nd6 h5+ 35. Kf3 Re3+ 36. Kg2 Re1 37. Ne4 Nc7 38. Ng5+ Kg8 39. Nf3
c4 40. Nxg1 Nd5 41. Rb8+ Kf7 42. a4 Rd1 43. a5 Ne3+ 44. Kh2 Nc2 45. a6 Rd2+ 46.
Kh3 Rf2 47. a7 Rf1 48. a8=Q Rxg1 49. Qa7+ Kg6 50. Rb6+ Kh7 51. Qf7 Ne3 52.
Qxh5+ {Black resigns} 1-0

[Event "FICS rated blitz game"]
[Site "FICS freechess.org"]
[Date "2018.01.26"]
[Round "?"]
[White "Uddo"]
[Black "bruhane"]
[Result "0-1"]
[WhiteElo "1466"]
[BlackElo "1540"]
[PlyCount "88"]
[EventDate "2018.??.??"]
[EventType "blitz"]

1. e4 e5 2. Nf3 Nc6 3. c3 Nf6 4. d4 Nxe4 5. dxe5 d6 6. Bd3 Nc5 7. Bb5 dxe5 8.
Nxe5 Bd7 9. Bxc6 Bxc6 10. Qxd8+ Rxd8 11. Nxc6 bxc6 12. O-O Bd6 13. Be3 a6 14.
Na3 O-O 15. Nc4 Ne4 16. Rad1 Rfe8 17. h3 h6 18. Rd3 Bh2+ 19. Kxh2 Rxd3 20. Na5
c5 21. Nb3 Red8 22. Bxc5 Nxc5 23. Nxc5 Rd2 24. Nxa6 Rxb2 25. Nxc7 Rxa2 26. c4
Rc2 27. Nd5 Rxc4 28. Ne3 Ra4 29. Kg3 g6 30. Kf3 Rd2 31. g4 g5 32. Kg3 Rf4 33.
Nf5 Kh7 34. Ne3 Rd3 35. Re1 Rd2 36. Rf1 Re2 37. Ng2 Rf6 38. Ne3 Rxe3+ 39. Kg2
Ra3 40. Re1 Rff3 41. Re7 Kg7 42. Re3 Raxe3 43. fxe3 Rxe3 44. Kf2 Rxh3 {White
resigns} 0-1

[Event "FICS rated standard game"]
[Site "FICS freechess.org"]
[Date "2018.01.26"]
[Round "?"]
[White "proximab"]
[Black "GayanovK"]
[Result "0-1"]
[WhiteElo "2184"]
[BlackElo "1818"]
[PlyCount "54"]
[EventDate "2018.??.??"]

1. e4 e5 2. Nf3 Nc6 3. c3 Nf6 4. d4 d6 5. d5 Ne7 6. Bg5 Nxe4 7. Qa4+ Bd7 8.
Qxe4 f5 9. Qb4 h6 10. Bxe7 Bxe7 11. Qxb7 O-O 12. b3 a5 13. Bc4 a4 14. b4 Qe8
15. O-O g5 16. Nxe5 dxe5 17. d6+ Kg7 18. dxe7 Qxe7 19. Rd1 Rfd8 20. Na3 Rab8
21. Qxc7 Rbc8 22. Qb7 Rb8 23. Qa7 Ra8 24. Qc7 Rac8 25. Qb7 Rb8 26. Qa7 Ra8 27.
Qc7 Rac8 0-1